书目信息 |
| 题名: |
钳工工艺与技能训练
|
|
| 作者: | ;劳动和社会保障部 组织编写 | |
| 分册: | ||
| 出版信息: | 北京 中国劳动社会保障出版社 2001 |
|
| 页数: | 266页 | |
| 开本: | 26cm | |
| 丛书名: | ||
| 单 册: | ||
| 中图分类: | TG9-43 | |
| 科图分类: | ||
| 主题词: | 钳工--工艺学--技术学校--教材 | |
| 电子资源: | ||
| ISBN: | 7-5045-2956-7 | |
| 000 | 00928nam0 2200253 450 | |
| 001 | 0100126026 | |
| 005 | 20020928000000.0 | |
| 010 | @a7-5045-2956-7@dCNY19.00 | |
| 011 | @a7-5045-2956-7 | |
| 100 | @a20010828d2001 em y0chiy0110 ea | |
| 101 | 0 | @achi |
| 102 | @aCN@b110000 | |
| 105 | @ay z 000yy | |
| 106 | @ar | |
| 200 | 1 | @a钳工工艺与技能训练@9Qian Gong Gong Yi Yu Ji Neng Xun Lian @f劳动和社会保障部教材办公室组织编写@b专著 |
| 210 | @a北京@c中国劳动社会保障出版社@d2001 | |
| 215 | @a266页@d26cm | |
| 300 | @a全国中等职业技术学校机械类专业通用教材 | |
| 330 | @a本书主要内容有钳工基础知识与技能训练、装配工艺规程与装配技能训练、内燃机知识、钳工综合技能训练等。 | |
| 606 | 0 | @a钳工@x工艺学@x技术学校@j教材 |
| 690 | @aTG9-43@v4 | |
| 711 | 02 | @a劳动和社会保障部@b教材办公室@9lao dong he she hui bao zhang bu jiao cai ban gong shi@4组织编写 |
| 801 | 0 | @aCN@bAiZhiMarc@c20010831 |
| 905 | @aBZT@dTG9-43@e1@f8@sTG9-43/1 | |
| 钳工工艺与技能训练/劳动和社会保障部教材办公室组织编写.-北京:中国劳动社会保障出版社,2001 |
| 266页;26cm |
| 全国中等职业技术学校机械类专业通用教材 |
| ISBN 7-5045-2956-7:CNY19.00 |
| 本书主要内容有钳工基础知识与技能训练、装配工艺规程与装配技能训练、内燃机知识、钳工综合技能训练等。 |
| ● |
| 相关链接 |
|
|
|
正题名:钳工工艺与技能训练
索取号:TG9-43/1
 
预约/预借
| 序号 | 登录号 | 条形码 | 馆藏地/架位号 | 状态 | 备注 |
| 1 | 2000052889 | 2000052889 | 旧书回溯/ [索取号:TG9-43/1] | 在馆 | |
| 2 | 2000052890 | 2000052890 | 旧书回溯/ [索取号:TG9-43/1] | 在馆 | |
| 3 | 2000127165 | 2000127165 | 旧书回溯/ [索取号:TG9-43/1] | 在馆 | |
| 4 | 2000127219 | 2000127219 | 旧书回溯/ [索取号:TG9-43/1] | 在馆 | |
| 5 | 2000127220 | 2000127220 | 旧书回溯/ [索取号:TG9-43/1] | 在馆 | |
| 6 | 2000127257 | 2000127257 | 旧书回溯/ [索取号:TG9-43/1] | 在馆 | |
| 7 | 2000129205 | 2000129205 | 旧书回溯/ [索取号:TG9-43/1] | 在馆 | |
| 8 | 2000147465 | 2000147465 | 旧书回溯/ [索取号:TG9-43/1] | 在馆 |